THE THREE BILLY GOATS GRUFF (Record no. 2131)
[ view plain ]
| 000 -LEADER | |
|---|---|
| fixed length control field | 00293nam a22001337a 4500 |
| 020 ## - INTERNATIONAL STANDARD BOOK NUMBER | |
| ISBN | 0-7214-1951-8 |
| 082 ## - DEWEY DECIMAL CLASSIFICATION NUMBER | |
| Classification number | 823 |
| Item number | PER/T |
| 100 ## - MAIN ENTRY--AUTHOR NAME | |
| Personal name | PERCY GRAHAM |
| 245 ## - TITLE STATEMENT | |
| Title | THE THREE BILLY GOATS GRUFF |
| 260 ## - PUBLICATION, DISTRIBUTION, ETC. (IMPRINT) | |
| Place of publication | ITALY |
| Name of publisher | ITALY |
| 300 ## - PHYSICAL DESCRIPTION | |
| Number of Pages | 29 |
| 650 ## - SUBJECT ADDED ENTRY--TOPICAL TERM | |
| Topical Term | ENGLISH SHORT STORY |
| Geographic subdivision | ITALY |
| 942 ## - ADDED ENTRY ELEMENTS (KOHA) | |
| Koha item type | Books |
| Withdrawn status | Lost status | Collection code | Home library | Current library | Shelving location | Date acquired | Source of acquisition | Full call number | Accession Number | Koha item type |
|---|---|---|---|---|---|---|---|---|---|---|
| Fiction | Main Library | Main Library | SHELF 3-B- LADY BIRD STORY BOOKS | 12/05/2014 | PURCHASE | 823 PER/T | 08908 | Books | ||
| Fiction | Main Library | Main Library | SHELF 3-B- LADY BIRD STORY BOOKS | 16/09/2023 | PURCHASE | 823 PER/T | 08649 | Books | ||
| Fiction | Main Library | Main Library | SHELF 3-B- LADY BIRD STORY BOOKS | 18/05/2017 | PURCHASE | 823 PER/T | 08592 | Books |